00000000nam 2200000zi 4500
0019.946695
003CaOODSP
00520250121091805
006m     o  d f      
007cr bn|||||||||
008250109s1970    oncad   obfu f000 0 fre d
040 |aCaOODSP|bfre|erda|cCaOODSP
043 |an-cn---
0861 |aNR24-28/1970-4F-PDF
24500|aManuel canadien de calcul des structures 1970 : |bsupplément no 4 au Code national du bâtiment du Canada / |cpublié par le Comité associé sur le Code national du bâtiment.
24610|aSupplément no 4 au Code national du bâtiment du Canada
250 |a[Première édition française 1970].
264 1|aOttawa, Canada : |bConseil national de recherches du Canada, |c1970.
300 |a1 ressource en ligne (vii, 623 pages) : |billustrations, graphiques
336 |atexte|btxt|2rdacontent/fre
337 |ainformatique|bc|2rdamedia/fre
338 |aressource en ligne|bcr|2rdacarrier/fre
500 |aPublié aussi en anglais sous le titre : Canadian Structural Design Manual 1970 : supplement no. 4 to the National Building Code of Canada.
504 |aComprend des références bibliographiques.
520 |a« Le Supplément no 4 du Code national du bâtiment du Canada, 1970, a été préparé dans cette forme comme Manuel canadien de calcul des structures pour être plus commode d'emploi aux concepteurs de structures partout au Canada » -- Préface, page iii.
650 6|aConstruction|xDroit|zCanada|vCodes.
650 6|aConstructions|xNormes|zCanada.
650 6|aConstructions|xCalcul|vGuides, manuels, etc.
655 7|aGuides et manuels|2rvmgf
7102 |aConseil national de recherches Canada. |bComité associé sur le Code national du bâtiment, |eorganisme de publication.
77508|tCanadian Structural Design Manual 1970 : |w(CaOODSP)9.946689
794 |tCommentaires sur la partie 4 du Code national du bâtiment du Canada 1977 : |w(CaOODSP)9.946800
85640|qPDF|s34.0 Mo|uhttps://publications.gc.ca/collections/collection_2025/cnrc-nrc/NR24-28-1970-4-fra.pdf
986 |a11530-F